00547nam a22001577a 450000500170000001000150001702000260003203500140005803700130007208200150008510000220010024501120012226000430023427000700027730000420034720220308164133.0 aENG-131890 a9788121618502c595.00 aEN-115422 bDBAD/PUB a658.049b1 aBHATTACHARYYA, B. aThe World of International Business 2025:bEnvironment, Actors, Imperatives, Governance./cB. Bhattacharyya bGlobal Business PressaNew Delhic2013 aJ-40, Jorbagh LanebNew Delhie110003mcontact@fullcirclebooks.in a415p.c22 cm(pbk)bEpilogue, Endnotes